000 00807cam a22002657a 4500
003 CHAP
005 20220329134737.0
008 971013s1994 uk r 00010 eng d
010 _a25158
011 _a26130
035 _a30230
040 _cCHAP
090 _aR-3493
100 0 0 _aRahman, Md. Shafiur.
_993742
245 1 4 _aThe accuracy of prediction of the freezing point meat from general models
500 _aSobretiro de : Journal of Food Engineering 21(1) : 127-136,1994
501 _aEnc. con otros impresos similares
590 _aBATCH-UPD
_b10
_c20130110
_lUCH01
_h0116
590 _aCONVERSION
_b10
_c20130109
_lUCH01
_h1315
650 1 4 _aCarne congelada.
_919113
901 _aBK
905 _aAlejandra Carrasco M.
942 _cREIMP
949 _aR-3493
_bBC
_cR
_d302301
_eTS1
_i30230
_sb
999 _c25158
_d25158